[Event "SR 2. liga A 2006/2007"]
[Site "?"]
[Date "2006.11.26"]
[Round "4.1"]
[White "Pacher, Milan"]
[Black "Duriga, Stefan"]
[Result "1-0"]
[WhiteElo "2363"]
[BlackElo "2265"]
[PlyCount "103"]
[EventDate "2006.??.??"]

1. e4 d6 2. d4 Nf6 3. Nc3 g6 4. Be3 Bg7 5. Qd2 O-O 6. Bh6 e5 7. d5 Nxe4 8. Nxe4
Qh4 9. Bxg7 Qxe4+ 10. Ne2 Kxg7 11. h4 h6 12. O-O-O Qa4 13. Kb1 a5 14. f3 Qe8
15. g4 Nd7 16. Ng3 Nc5 17. Bd3 Nxd3 18. Qxd3 Qe7 19. Qe3 a4 20. g5 h5 21. Ne4
Bf5 22. Nf6 c6 23. f4 cxd5 24. Rxd5 Qc7 25. fxe5 Qxc2+ 26. Ka1 Qb3 27. Qd4 Qf3
28. Rd1 a3 29. b3 Rfc8 30. exd6 Qc3+ 31. Qxc3 Rxc3 32. d7 Rd8 33. R5d4 Kf8 34.
Ra4 Rh3 35. Rxa3 Rxh4 36. Ra5 Rb4 37. Rc5 Be6 38. Rc8 Rxc8 39. dxc8=Q+ Bxc8 40.
Rd8+ Ke7 41. Rxc8 Ke6 42. Kb2 Rf4 43. Kc3 Rf2 44. a4 Rf3+ 45. Kc4 Kf5 46. Rc5+
Kf4 47. Rb5 h4 48. Rxb7 Kxg5 49. Ne4+ Kh6 50. Rd7 h3 51. Rd8 Kh5 52. Rd3 1-0

[Event "SR 2. liga A 2006/2007"]
[Site "?"]
[Date "2006.11.26"]
[Round "4.2"]
[White "Maslik, Miroslav"]
[Black "Kolar, Tomas"]
[Result "1-0"]
[WhiteElo "2255"]
[BlackElo "2042"]
[PlyCount "69"]
[EventDate "2006.??.??"]
[TimeControl "240+2"]

{284MB, Fritz8.ctg, K48BB} 1. d4 Nf6 2. c4 e6 3. Nf3 b6 4. g3 Bb7 5. Bg2 Be7 6.
Nc3 O-O 7. d5 d6 8. Nd4 exd5 9. cxd5 Nbd7 10. O-O Re8 11. e4 Bf8 12. Qc2 a6 13.
Bd2 g6 14. Rac1 Bg7 15. Nce2 Nc5 16. f3 a5 17. b3 Ba6 18. Nc6 Qd7 19. Ned4 Bxf1
20. Bxf1 Qc8 21. a3 Nfd7 22. Bh3 Qa6 23. b4 axb4 24. axb4 Bxd4+ 25. Nxd4 Qd3
26. Qxd3 Nxd3 27. Bxd7 Nxc1 28. Bxe8 Rxe8 29. Bxc1 Ra8 30. Bf4 Ra1+ 31. Kf2
Ra2+ 32. Ke3 f6 33. h4 Kf7 34. Nb5 Rc2 35. Kd3 1-0

[Event "SR 2. liga A 2006/2007"]
[Site "?"]
[Date "????.??.??"]
[Round "4.2"]
[White "Petenyi, Tamas"]
[Black "Bury, Rastislav"]
[Result "1/2-1/2"]
[WhiteElo "2125"]
[BlackElo "2105"]
[PlyCount "118"]
[EventDate "2006.??.??"]

1. c4 d6 2. g3 g6 3. Bg2 Bg7 4. Nc3 c5 5. e3 Nc6 6. Nge2 Nf6 7. O-O O-O 8. d4
Bd7 9. b3 a6 10. Bb2 Rb8 11. Qd2 Qc7 12. Rfd1 Rfd8 13. Rac1 b6 14. dxc5 bxc5
15. h3 Nb4 16. Nf4 Bc6 17. Ncd5 Nbxd5 18. cxd5 Bb5 19. Bc3 Rdc8 20. Nd3 Qb7 21.
Nb2 Nd7 22. Bxg7 Kxg7 23. a4 Bxa4 24. Nxa4 Qxb3 25. Nc3 Ne5 26. Rb1 Qc4 27.
Rxb8 Rxb8 28. f4 Rb3 29. Rc1 Qd3 30. Ne4 Nd7 31. Qxd3 Rxd3 32. Rc3 Rxd5 33. Ra3
Nb6 34. Rxa6 Nc4 35. Ra7 Nxe3 36. Rxe7 c4 37. Ng5 Rd1+ 38. Kf2 c3 39. Rxf7+ Kg8
40. Be4 c2 41. Bxc2 Nxc2 42. Rxh7 Rd2+ 43. Kf3 Rd3+ 44. Ke2 Rxg3 45. Rd7 Nd4+
46. Kf2 Nf5 47. Rxd6 Nxd6 48. Kxg3 Nf5+ 49. Kg4 Nh6+ 50. Kf3 Kg7 51. Ne6+ Kf6
52. Nc5 (52. Ng5 Nf5) 52... Kf5 53. Ne4 Nf7 54. h4 Nh6 55. Ng3+ Kf6 56. Ke4 Ke6
57. Kf3 Kf6 58. Ne4+ Kf5 59. Ng3+ Kf6 1/2-1/2

[Event "SR 2. liga A 2006/2007"]
[Site "?"]
[Date "2006.11.26"]
[Round "4.2"]
[White "Petrik, Karol"]
[Black "Ruckschloss, Karol"]
[Result "0-1"]
[WhiteElo "2136"]
[BlackElo "2331"]
[PlyCount "77"]
[EventDate "2006.??.??"]

1. e4 d6 2. d4 Nf6 3. Nc3 g6 4. Nge2 Bg7 5. g3 O-O 6. Bg2 c5 7. dxc5 dxc5 8.
Be3 Qa5 9. h3 Nc6 10. O-O Rd8 11. Qc1 Nd4 12. f4 Qa6 13. Rf2 Be6 14. Kh2 Rac8
15. Ng1 b5 16. e5 Nd5 17. Nxd5 Bxd5 18. Bxd5 Rxd5 19. Rd2 Rcd8 20. c3 Nf5 21.
Rxd5 Rxd5 22. Bf2 h5 23. Nf3 Qb7 24. Qc2 Bh6 25. Qe4 e6 26. Bxc5 h4 27. Bf2
hxg3+ 28. Bxg3 Qd7 29. Rg1 Rd3 30. Re1 a5 31. Kg2 a4 32. a3 Rd5 33. Bf2 Qd8 34.
c4 bxc4 35. Qxc4 Qb8 36. Re2 Rb5 37. Qxa4 Rxb2 38. Rxb2 Qxb2 {
biely prehral na cas} 39. h4 0-1

[Event "SR 2. liga A 2006/2007"]
[Site "?"]
[Date "2006.11.26"]
[Round "4.3"]
[White "Hacik, Radomir"]
[Black "Bronis, Marian"]
[Result "1-0"]
[WhiteElo "2206"]
[BlackElo "2155"]
[PlyCount "55"]
[EventDate "2006.??.??"]

1. e4 g6 2. d4 Bg7 3. f4 c6 4. Nf3 d5 5. Nc3 Nh6 6. Be2 O-O 7. O-O Bg4 8. Ne5
Bxe2 9. Qxe2 dxe4 10. Qxe4 Nd7 11. Ne2 f6 12. Nd3 Qc7 13. Kh1 e5 14. fxe5 fxe5
15. Bxh6 Bxh6 16. dxe5 Rae8 17. Qc4+ Kh8 18. e6 Ne5 19. Qh4 Nxd3 20. cxd3 Bg7
21. Nf4 Rf6 22. Rae1 Qa5 23. a3 Re7 24. Nxg6+ Rxg6 25. Qxe7 h5 26. Qe8+ Kh7 27.
Qxg6+ Kxg6 28. e7 1-0

[Event "SR 2. liga A 2006/2007"]
[Site "?"]
[Date "2006.11.26"]
[Round "4.3"]
[White "Hricak, Vasil"]
[Black "Hartl, Jan"]
[Result "1/2-1/2"]
[WhiteElo "2043"]
[BlackElo "2158"]
[PlyCount "37"]
[EventDate "2006.??.??"]
[TimeControl "240+2"]

{284MB, Fritz8.ctg, K48BB} 1. e4 e5 2. Nf3 Nc6 3. d4 exd4 4. Nxd4 Bc5 5. Nxc6
Qf6 6. f4 Qxc6 7. Bd3 d6 8. Qe2 Bd7 9. Be3 Nf6 10. h3 O-O 11. Bxc5 Qxc5 12. Nc3
Rfe8 13. O-O-O b5 14. g4 b4 15. Nb1 Bc6 16. Nd2 Rab8 17. g5 Nd5 18. Qf3 Ne7 19.
f5 1/2-1/2

[Event "SR 2. liga A 2006/2007"]
[Site "?"]
[Date "????.??.??"]
[Round "4.3"]
[White "Lauf, Pavol"]
[Black "Varga, David"]
[Result "1-0"]
[WhiteElo "2111"]
[BlackElo "2184"]
[PlyCount "119"]
[EventDate "2006.??.??"]

1. f4 d5 2. g3 Nf6 3. Bg2 c5 4. Nf3 Nc6 5. d3 Qc7 6. c3 Bg4 7. Qa4 a6 8. e4
dxe4 9. dxe4 O-O-O 10. O-O e5 11. Nxe5 Nxe5 12. fxe5 Nd7 13. Rxf7 Be6 14. Rf1
Nxe5 15. Bf4 h5 16. Nd2 Bd6 17. Nf3 Nxf3+ 18. Rxf3 Bg4 19. Bxd6 Rxd6 20. e5 Rd5
21. Re3 Rxe5 22. Rae1 Rxe3 23. Rxe3 Rd8 24. Re8 Qd6 25. Rxd8+ Qxd8 26. Qc2 Qg5
27. h4 Qe5 28. Kh2 g5 29. Qe4 Qxe4 30. Bxe4 gxh4 31. gxh4 b5 32. b4 cxb4 33.
cxb4 Kc7 34. Kg3 Kb6 35. a3 a5 36. Kf4 axb4 37. axb4 Kc7 38. Ke5 Be2 39. Kd5
Kd7 40. Kc5 Ke6 41. Bc6 Ke5 42. Bxb5 Bf3 43. Bc6 Be2 44. Bd5 Kf4 45. Bc4 Bf3
46. b5 Kg3 47. Bd5 Be2 48. b6 Ba6 49. Kc6 Kxh4 50. Bc4 Bxc4 51. b7 Be2 52. b8=Q
Bf3+ 53. Kc5 Kg4 54. Kd4 h4 55. Ke3 Kh3 56. Kf2 Be4 57. Qf4 Bg2 58. Qf5+ Kh2
59. Qg4 h3 60. Qd1 1-0

[Event "SR 2. liga A 2006/2007"]
[Site "?"]
[Date "2006.11.26"]
[Round "4.4"]
[White "Janos, Ivan"]
[Black "Prielozny, Marek"]
[Result "0-1"]
[WhiteElo "2133"]
[BlackElo "1946"]
[PlyCount "54"]
[EventDate "2006.??.??"]
[TimeControl "240+2"]

{284MB, Fritz8.ctg, K48BB} 1. e4 e6 2. d4 d5 3. e5 c5 4. Nc3 Bd7 5. Nf3 cxd4 6.
Nb5 Bxb5 7. Bxb5+ Nd7 8. a4 a6 9. Bd3 Ne7 10. O-O Nc6 11. Bf4 Rc8 12. Bg3 Be7
13. Re1 Qb6 14. c3 dxc3 15. bxc3 Qa5 16. Rc1 Ba3 17. Rb1 Qc7 18. Ng5 g6 19. Qf3
O-O 20. Bf4 h6 21. Bxg6 hxg5 22. Qh5 fxg6 23. Qxg6+ Kh8 24. Re3 Rxf4 25. Qh6+
Kg8 26. Qxg5+ Kf8 27. Qxf4+ Ke8 0-1

[Event "SR 2. liga A 2006/2007"]
[Site "?"]
[Date "2006.11.26"]
[Round "4.4"]
[White "Kebis, Milos"]
[Black "Fraas, Martin"]
[Result "0-1"]
[WhiteElo "2053"]
[BlackElo "2220"]
[PlyCount "98"]
[EventDate "2006.??.??"]

1. d4 d6 2. c4 e5 3. e4 exd4 4. Qxd4 Nc6 5. Qd1 g6 6. Nc3 Bg7 7. Nf3 Nge7 8.
Be2 O-O 9. O-O f5 10. Re1 Bxc3 11. bxc3 fxe4 12. Ng5 Bf5 13. Bf1 Ne5 14. Nxe4
Kg7 15. Bg5 h6 16. Bh4 g5 17. Bg3 N5c6 18. h4 Bxe4 19. Rxe4 Nf5 20. hxg5 hxg5
21. Qg4 Qf6 22. Rae1 Rh8 23. f4 Nxg3 24. Qxg3 Raf8 25. Bd3 Qh6 26. Qxg5+ Qxg5
27. fxg5 Ne5 28. Be2 b6 29. Rf1 Rxf1+ 30. Kxf1 Rh1+ 31. Kf2 Ra1 32. Ke3 Rxa2
33. Rh4 Rc2 34. Rh6 Rxc3+ 35. Kd4 Rc2 36. Bf1 Rf2 37. Rh1 a5 38. Ke3 Rb2 39.
Rh6 Rb3+ 40. Kd4 Rb1 41. Be2 Re1 42. Bf3 a4 43. Kc3 Rc1+ 44. Kb2 Rxc4 45. Bd5
Rd4 46. Be6 b5 47. Bf5 Rd2+ 48. Ka3 c5 49. Be6 d5 0-1

[Event "SR 2. liga A 2006/2007"]
[Site "?"]
[Date "????.??.??"]
[Round "4.4"]
[White "Obdrzalkova, Anita"]
[Black "Stefan, Oldrich"]
[Result "0-1"]
[WhiteElo "2058"]
[BlackElo "2065"]
[PlyCount "118"]
[EventDate "2006.??.??"]

1. d4 Nf6 2. c4 g6 3. Nc3 d5 4. cxd5 Nxd5 5. e4 Nxc3 6. bxc3 Bg7 7. Bc4 c5 8.
Ne2 O-O 9. Rb1 cxd4 10. cxd4 Nc6 11. Be3 Qa5+ 12. Bd2 Qc7 13. Rc1 e6 14. Bb3
Qb6 15. d5 exd5 16. Bxd5 Nb4 17. Bc4 Be6 18. O-O Rfd8 19. a3 Nd3 20. Bxd3 Rxd3
21. Nf4 Rxa3 22. Nxe6 Qxe6 23. Qc2 Rd8 24. Bb4 Rad3 25. Rfe1 R3d4 26. Qc7 Be5
27. Qa5 b6 28. Qa3 Bb8 29. g3 Rxe4 30. Rxe4 Qxe4 31. Be7 Re8 32. Bf6 Qe6 33.
Qa1 Be5 34. Bxe5 Qxe5 35. Qxa7 Qd4 36. Qb7 Kg7 37. Rc7 Re1+ 38. Kg2 Qe4+ 39.
Qxe4 Rxe4 40. Rb7 Re6 41. h4 h5 42. Kf3 Rc6 43. Kg2 Kf6 44. Rb8 Ke6 45. Rb7 f5
46. Kf3 Kd5 47. Rd7+ Kc5 48. Rd1 b5 49. Kf4 b4 50. Rb1 Re6 51. Rc1+ Kb5 52. Rb1
Ka4 53. Ra1+ Kb3 54. Ra8 Kb2 55. Rb8 b3 56. Kg5 Kc2 57. Rc8+ Kb1 58. Rb8 b2 59.
Rb7 Rc6 0-1

[Event "SR 2. liga A 2006/2007"]
[Site "?"]
[Date "????.??.??"]
[Round "4.5"]
[White "Chovanec, Vladimir"]
[Black "Peitl, Tomas"]
[Result "0-1"]
[WhiteElo "2070"]
[BlackElo "1931"]
[PlyCount "76"]
[EventDate "2006.??.??"]

1. Nf3 d5 2. g3 Nf6 3. Bg2 e6 4. b3 c5 5. Bb2 Nc6 6. O-O Bd6 7. d4 O-O 8. e3 b5
9. Ne5 Bxe5 10. dxe5 Nd7 11. c4 bxc4 12. bxc4 Nb6 13. cxd5 exd5 14. Nc3 Be6 15.
Na4 Nxa4 16. Qxa4 Qc7 17. f4 Rab8 18. Ba3 Nb4 19. Rac1 a5 20. Qd1 Rbd8 21. Rf2
Qb6 22. f5 Bc8 23. Qh5 c4 24. Rc3 d4 25. exd4 Qxd4 26. f6 Qxc3 27. Qg5 Rd1+ 28.
Bf1 Rxf1+ 29. Rxf1 Qd4+ 30. Rf2 Qg4 31. Qd2 Bb7 32. Rf4 Qe6 33. fxg7 Qb6+ 34.
Kf1 Rd8 35. e6 fxe6 36. Bb2 c3 37. Qxc3 Ba6+ 38. Ke1 Qg1+ 0-1

[Event "SR 2. liga A 2006/2007"]
[Site "?"]
[Date "2006.11.26"]
[Round "4.5"]
[White "Djubek, Boris"]
[Black "Mandak, Miroslav"]
[Result "1-0"]
[WhiteElo "2174"]
[BlackElo "2080"]
[PlyCount "81"]
[EventDate "2006.??.??"]

1. d4 Nf6 2. c4 e6 3. Nc3 Bb4 4. Nf3 c5 5. e3 O-O 6. Bd3 d6 7. O-O Nc6 8. Ne4
Nxe4 9. Bxe4 d5 10. cxd5 exd5 11. Bc2 c4 12. h3 Re8 13. b3 cxb3 14. axb3 a5 15.
Bd3 Bd7 16. Bb2 Bd6 17. Qe2 Rc8 18. Rfc1 Nb4 19. Bb5 Rxc1+ 20. Rxc1 Nc6 21. Ra1
Bb4 22. Ne5 Re6 23. Nxd7 Qxd7 24. Bd3 Qe8 25. Qh5 g6 26. Qxd5 Rxe3 27. fxe3
Qxe3+ 28. Kh1 Qxd3 29. Qc4 Qg3 30. Rf1 Nd8 31. Rf3 Qe1+ 32. Qf1 Qe7 33. d5 f5
34. Qc1 Qd7 35. Qc4 Qe8 36. Rf1 Qf7 37. Qd4 Kf8 38. d6 Ke8 39. Rd1 Kd7 40. Qb6
Kc8 41. d7+ 1-0

[Event "SR 2. liga A 2006/2007"]
[Site "?"]
[Date "2006.11.26"]
[Round "4.5"]
[White "Vimmer, Michal"]
[Black "Michal, Silvio"]
[Result "0-1"]
[WhiteElo "1985"]
[BlackElo "2135"]
[PlyCount "60"]
[EventDate "2006.??.??"]
[TimeControl "240+2"]

{284MB, Fritz8.ctg, K48BB} 1. d4 Nf6 2. c4 e6 3. Nf3 b6 4. Nc3 Bb4 5. Qb3 c5 6.
Bg5 Nc6 7. e3 Ba6 8. a3 Bxc3+ 9. Qxc3 h6 10. Bh4 g5 11. Bg3 Ne4 12. Qc2 Nxg3
13. hxg3 cxd4 14. Nxd4 Nxd4 15. exd4 Qf6 16. Rd1 Bb7 17. Qd2 d6 18. Qb4 O-O-O
19. Qd2 h5 20. f4 gxf4 21. Qxf4 Qg7 22. Rd2 e5 23. Qf5+ Kb8 24. g4 Bc8 25. Qe4
Bxg4 26. Rf2 f5 27. Qd5 Rhe8 28. Be2 exd4 29. Kf1 Re5 30. Qc6 Qe7 0-1

[Event "SR 2. liga A 2006/2007"]
[Site "?"]
[Date "2006.11.26"]
[Round "4.6"]
[White "Deak, Gabriel"]
[Black "Hanzluvka, Peter"]
[Result "1-0"]
[WhiteElo "2055"]
[BlackElo "2032"]
[PlyCount "91"]
[EventDate "2006.??.??"]

1. d4 d5 2. Nf3 Nf6 3. Bg5 e6 4. e3 Be7 5. Bd3 Nbd7 6. Nbd2 h6 7. Bf4 O-O 8.
Qe2 c5 9. c3 c4 10. Bc2 b5 11. Ne5 Bb7 12. g4 g5 13. Bg3 Nxe5 14. Bxe5 Ne4 15.
f3 Nxd2 16. Kxd2 f6 17. Bg3 Kg7 18. h4 Bd6 19. Qh2 Bxg3 20. Qxg3 Qe7 21. Rh2
Rh8 22. Rah1 Rag8 23. hxg5 fxg5 24. Qe5+ Qf6 25. Qxf6+ Kxf6 26. Rxh6+ Rxh6 27.
Rxh6+ Kf7 28. Ke2 a5 29. a3 Bc6 30. Rh7+ Rg7 31. Rxg7+ Kxg7 32. Kf2 Kf6 33. Kg3
e5 34. dxe5+ Kxe5 35. f4+ Kf6 36. Bf5 Be8 37. e4 dxe4 38. Bxe4 Bd7 39. Kf3 Be8
40. Ke3 Bd7 41. fxg5+ Kxg5 42. Bf3 Be8 43. Kd4 Kf4 44. Bd5 Kxg4 45. Kc5 Kf4 46.
Bc6 1-0

[Event "SR 2. liga A 2006/2007"]
[Site "?"]
[Date "2006.11.26"]
[Round "4.6"]
[White "Diviak, Rastislav"]
[Black "Rovnak, Peter"]
[Result "1-0"]
[WhiteElo "1960"]
[BlackElo "2142"]
[PlyCount "97"]
[EventDate "2006.??.??"]

1. e4 Nf6 2. e5 Nd5 3. d4 d6 4. Nf3 Bg4 5. Be2 Nc6 6. exd6 cxd6 7. O-O g6 8. c4
Nb6 9. Nc3 Bg7 10. Be3 Bxf3 11. Bxf3 Nxc4 12. Bxc6+ bxc6 13. Qa4 Nb6 14. Qxc6+
Nd7 15. Rfe1 O-O 16. Bg5 Bf6 17. Bxf6 Nxf6 18. Nd5 Nxd5 19. Qxd5 e6 20. Qe4 d5
21. Qd3 Qb6 22. Rec1 Rfc8 23. b3 Rc7 24. Rc3 Rxc3 25. Qxc3 Qa6 26. a4 Rc8 27.
Qd2 Qc6 28. Kf1 Qc3 29. Qxc3 Rxc3 30. b4 Rc4 31. b5 Rxd4 32. a5 Rb4 33. b6 a6
34. Rc1 Kg7 35. Rc8 d4 36. Ra8 e5 37. Rxa6 e4 38. Ra8 d3 39. Ke1 Rb1+ 40. Kd2
Rb2+ 41. Kc3 Rc2+ 42. Kb3 Rc1 43. Rd8 f5 44. a6 Rb1+ 45. Kc4 Rxb6 46. a7 Ra6
47. a8=Q Rxa8 48. Rxa8 f4 49. Kd4 1-0

[Event "SR 2. liga A 2006/2007"]
[Site "?"]
[Date "2006.11.26"]
[Round "4.6"]
[White "Diviak, Rudolf"]
[Black "Susko, Peter"]
[Result "0-1"]
[WhiteElo "1906"]
[BlackElo "1886"]
[PlyCount "148"]
[EventDate "2006.??.??"]

1. b4 e5 2. Bb2 d6 3. e3 Nf6 4. c4 Be6 5. Nc3 Be7 6. Be2 O-O 7. d3 c6 8. Nf3
Ne8 9. O-O f5 10. Qc2 Nd7 11. a3 Bf6 12. Rad1 Rc8 13. Rd2 d5 14. Rfd1 Nd6 15.
Bf1 Qe7 16. Na4 Nf7 17. Qc1 g5 18. Rc2 g4 19. Ne1 Rfe8 20. Qa1 b6 21. Rdc1 Kg7
22. Nc3 Nf8 23. cxd5 cxd5 24. Nxd5 Bxd5 25. Rxc8 Rxc8 26. Rxc8 Ne6 27. Rc1 h5
28. d4 e4 29. Bc4 Nc7 30. g3 h4 31. Ng2 hxg3 32. hxg3 Bxc4 33. Rxc4 Nd5 34. Rc1
Ng5 35. Qa2 Nh3+ 36. Kf1 Qe6 37. Qc4 Kg6 38. Qc8 Qf7 39. Rc6 Ne7 40. Nh4+ Kh5
41. Qd7 Qb3 42. Bc3 Qc2 43. Be1 Qxc6 44. Qxc6 Nxc6 45. Nxf5 Ng5 46. Nd6 a6 47.
b5 axb5 48. Nxb5 Be7 49. d5 Ne5 50. d6 Bd8 51. a4 Kg6 52. Nc7 Nc6 53. Bc3 Kf5
54. Ke2 Nf7 55. Ne8 Ke6 56. d7 Kxd7 57. Nf6+ Bxf6 58. Bxf6 Kd6 59. Kd2 Kc5 60.
Kc3 Nfe5 61. Bg7 Nd3 62. f4 gxf3 63. Kd2 Kd5 64. g4 Nde5 65. g5 Nc4+ 66. Ke1
Nxe3 67. g6 Ke6 68. Bc3 Nf5 69. Kf2 Nce7 70. g7 Kf7 71. a5 bxa5 72. Bxa5 Kxg7
73. Bb6 Nd5 74. Ba7 Kg6 0-1

[Event "SR 2. liga A 2006/2007"]
[Site "?"]
[Date "2006.11.26"]
[Round "4.6"]
[White "Frindt, Kornel"]
[Black "Gasa, Andrej"]
[Result "1/2-1/2"]
[WhiteElo "2216"]
[BlackElo "2207"]
[PlyCount "137"]
[EventDate "2006.??.??"]

1. d4 d5 2. Nf3 Nf6 3. Bf4 e6 4. e3 Bd6 5. Bg5 Nbd7 6. Nbd2 h6 7. Bh4 O-O 8.
Bd3 e5 9. dxe5 Nxe5 10. Nxe5 Bxe5 11. c3 Re8 12. O-O c6 13. Bc2 Bd6 14. c4 Be7
15. Qe2 Be6 16. Rfd1 Qb6 17. Bb3 Rad8 18. Rac1 Qa6 19. Qf1 dxc4 20. Nxc4 Qb5
21. f3 a5 22. Nd2 Qe5 23. Bf2 Bxb3 24. Nxb3 Qxb2 25. Nxa5 Qb6 26. Nb3 Qa7 27.
Rc2 Rxd1 28. Qxd1 Rd8 29. Qb1 Qa6 30. e4 Qd3 31. Rc1 Ba3 32. Rf1 b5 33. Na5 Qc3
34. Be1 Qe3+ 35. Bf2 Qc3 36. Be1 Qe3+ 37. Kh1 Qe2 38. Bc3 c5 39. Rc1 Qd3 40.
Bxf6 gxf6 41. Nc6 Rd7 42. Ne7+ Kf8 43. Nd5 Qxb1 44. Rxb1 b4 45. h4 c4 46. Re1
c3 47. Re2 f5 48. g4 fxe4 49. fxe4 Rd6 50. Kg2 Rc6 51. Rc2 Rc4 52. Kf3 Rd4 53.
Ne3 Rd6 54. Nd5 Kg7 55. h5 Ra6 56. Ke2 Bb2 57. Kd3 Rxa2 58. Nxb4 Ra1 59. Rg2
Rd1+ 60. Kc2 Rd4 61. Nd5 Rxe4 62. g5 Re5 63. gxh6+ Kxh6 64. Nf4 Rf5 65. Rg4 Rg5
66. Rh4 Rf5 67. Rg4 Rg5 68. Rh4 Rf5 69. Rg4 1/2-1/2

[Event "SR 2. liga A 2006/2007"]
[Site "?"]
[Date "2006.11.26"]
[Round "4.6"]
[White "Gazi, Mikulas"]
[Black "Pagerka, Martin"]
[Result "1-0"]
[WhiteElo "2202"]
[BlackElo "2004"]
[PlyCount "145"]
[EventDate "2006.??.??"]

1. Nf3 c5 2. c4 g6 3. Nc3 Bg7 4. g3 Nc6 5. Bg2 d6 6. O-O Nf6 7. d4 cxd4 8. Nxd4
Nxd4 9. Qxd4 O-O 10. Rd1 Be6 11. Qd3 Rc8 12. Nd5 Bxd5 13. cxd5 Nd7 14. Be3 Ne5
15. Qb3 b6 16. Bd4 Qc7 17. Bh3 f5 18. f4 Nd7 19. Bxg7 Kxg7 20. Rac1 Qxc1 21.
Rxc1 Rxc1+ 22. Kg2 Nf6 23. Kf3 Rfc8 24. g4 fxg4+ 25. Bxg4 Nxg4 26. Kxg4 h5+ 27.
Kf3 Rf1+ 28. Kg3 h4+ 29. Kg4 Rg1+ 30. Kh3 Rgc1 31. Qe3 R1c7 32. Qd4+ Kh7 33.
Kxh4 Rf8 34. Kg4 Rc1 35. Qe3 Rc7 36. h4 Rf5 37. Qd4 b5 38. e4 Rf6 39. b3 Kh6
40. a4 a6 41. axb5 axb5 42. Qb6 Rc1 43. Qxb5 Rg1+ 44. Kf3 Kg7 45. Qd7 Rf7 46.
Qb5 Rb1 47. Qd3 Rc1 48. b4 Rf8 49. b5 Rfc8 50. Qd4+ Kh7 51. b6 R8c3+ 52. Kg4
Rb3 53. f5 gxf5+ 54. Kxf5 Rcb1 55. Ke6 Rxb6 56. Kxe7 Ra6 57. Qf6 Rb7+ 58. Ke6
Rg7 59. h5 Rb6 60. Qf5+ Kh6 61. Qf8 Kh7 62. Kf6 Rg1 63. Qd8 Ra6 64. Qc8 Ra7 65.
Ke6 Rg5 66. Kxd6 Rxh5 67. e5 Rh6+ 68. e6 Kg7 69. Qb8 Rf7 70. Qb2+ Kf8 71. Qe5
Ke8 72. Qg5 Rd7+ 73. Ke5 1-0

[Event "SR 2. liga A 2006/2007"]
[Site "?"]
[Date "2006.11.26"]
[Round "4.6"]
[White "Hecko, Dusan"]
[Black "Petrik, Stanislav"]
[Result "0-1"]
[WhiteElo "2135"]
[BlackElo "2202"]
[PlyCount "96"]
[EventDate "2006.??.??"]

1. c4 Nf6 2. Nc3 b6 3. d4 Bb7 4. e3 g6 5. Nf3 Bg7 6. Be2 O-O 7. O-O d5 8. cxd5
Nxd5 9. Bd2 Nd7 10. Rc1 c5 11. Qb3 e6 12. Rfd1 Qe7 13. dxc5 Nxc5 14. Qa3 Rfd8
15. Na4 Nxa4 16. Qxa4 Bxb2 17. Rc2 Bg7 18. Rdc1 Qf6 19. e4 Nf4 20. Bf1 Nh3+ 21.
gxh3 Qxf3 22. Bg2 Qd3 23. Be3 Qd7 24. Qb3 Rac8 25. Rxc8 Rxc8 26. Rd1 Qe7 27. f3
Rd8 28. Bf1 Be5 29. Rxd8+ Qxd8 30. Bc4 Qd6 31. Qc2 Bd4 32. Bxd4 Qxd4+ 33. Kg2
Qc5 34. Qd3 Qg5+ 35. Kf2 Bc6 36. Qd6 Qc5+ 37. Qxc5 bxc5 38. e5 Bd5 39. Bb3 Bxb3
40. axb3 Kf8 41. h4 Ke7 42. Ke3 Kd7 43. Kf4 h6 44. Ke4 Kc6 45. f4 Kb5 46. Kd3
Kb4 47. Kc2 c4 48. bxc4 Kxc4 0-1

[Event "SR 2. liga A 2006/2007"]
[Site "?"]
[Date "????.??.??"]
[Round "4.6"]
[White "Kolesar, Rastislav"]
[Black "Labar, Eduard"]
[Result "1/2-1/2"]
[WhiteElo "1907"]
[BlackElo "2045"]
[PlyCount "32"]
[EventDate "2006.??.??"]

1. e4 c6 2. d4 d5 3. Nc3 dxe4 4. Nxe4 Nd7 5. Nf3 Ngf6 6. Ng3 e6 7. Be2 Qc7 8.
c3 Bd6 9. Qc2 h6 10. c4 c5 11. O-O b6 12. b3 Bb7 13. Bb2 O-O 14. Nd2 Rad8 15.
Bf3 Bf4 16. Rad1 Rfe8 1/2-1/2

[Event "SR 2. liga A 2006/2007"]
[Site "?"]
[Date "2006.11.26"]
[Round "4.6"]
[White "Krajnak, Robert"]
[Black "Blazkova, Barbora"]
[Result "1/2-1/2"]
[WhiteElo "2116"]
[BlackElo "1858"]
[PlyCount "34"]
[EventDate "2006.??.??"]

1. c4 Nf6 2. Nc3 g6 3. Nf3 Bg7 4. g3 d6 5. Bg2 O-O 6. O-O c6 7. d3 Nbd7 8. Rb1
a5 9. a3 Rb8 10. b4 axb4 11. axb4 Ng4 12. Qc2 Nge5 13. Nd2 f5 14. Bb2 Nf6 15.
Ra1 Bd7 16. d4 Nf7 17. e4 e5 1/2-1/2

[Event "SR 2. liga A 2006/2007"]
[Site "?"]
[Date "2006.11.26"]
[Round "4.6"]
[White "Pericka, Tomas"]
[Black "Farkas, Vladimir"]
[Result "1/2-1/2"]
[WhiteElo "1850"]
[BlackElo "2023"]
[PlyCount "53"]
[EventDate "2006.??.??"]

1. e4 d6 2. d4 g6 3. Nc3 Bg7 4. Be3 Nf6 5. f3 O-O 6. Qd2 e5 7. g4 c6 8. Nge2 b5
9. Ng3 Qc7 10. h4 Ne8 11. h5 Nd7 12. d5 b4 13. Nd1 cxd5 14. hxg6 Nb6 15. Rxh7
fxg6 16. Rh1 d4 17. Bh6 Rxf3 18. Qh2 Bxh6 19. Qxh6 Qg7 20. Qh4 Be6 21. Be2 Rf7
22. Nf2 Rc8 23. O-O-O Rxf2 24. Nf5 Rxe2 25. Nxg7 Rcxc2+ 26. Kb1 Rxb2+ 27. Ka1
1/2-1/2

[Event "SR 2. liga A 2006/2007"]
[Site "?"]
[Date "2006.11.26"]
[Round "4.6"]
[White "Povysil, Peter"]
[Black "Oprea, Erik"]
[Result "1-0"]
[WhiteElo "2055"]
[BlackElo "2175"]
[PlyCount "85"]
[EventDate "2006.??.??"]

1. Nf3 d6 2. d4 c6 3. e4 Bg4 4. Be2 Qc7 5. c4 e5 6. Nc3 Nf6 7. O-O Nbd7 8. Be3
Be7 9. Qc2 Nf8 10. Nd2 Ng6 11. f3 Bd7 12. dxe5 dxe5 13. c5 Nf4 14. Nc4 h5 15.
g3 Nh3+ 16. Kg2 h4 17. f4 exf4 18. gxf4 g5 19. f5 Nf4+ 20. Bxf4 gxf4 21. e5 h3+
22. Kh1 Nd5 23. Nxd5 cxd5 24. Nd6+ Bxd6 25. exd6 Qc6 26. a4 Rc8 27. Bb5 d4+ 28.
Bxc6 Bxc6+ 29. Rf3 Bxf3+ 30. Kg1 Rg8+ 31. Kf1 Bg2+ 32. Kf2 Kf8 33. d7 Rd8 34.
c6 Bxc6 35. Qc5+ Kg7 36. Rg1+ Kh6 37. Rxg8 Rxg8 38. Qd6+ Kh5 39. d8=Q Rg2+ 40.
Kf1 Kg4 41. Qxd4 Rxh2 42. Qg8+ Kf3 43. Qd3# 1-0

[Event "SR 2. liga A 2006/2007"]
[Site "?"]
[Date "2006.11.26"]
[Round "4.6"]
[White "Syrovy, Ivan"]
[Black "Adamcik, Tomas"]
[Result "1-0"]
[WhiteElo "2091"]
[BlackElo "1964"]
[PlyCount "127"]
[EventDate "2006.??.??"]
[TimeControl "240+2"]

{284MB, Fritz8.ctg, K48BB} 1. e4 b6 2. d4 Bb7 3. Nc3 e6 4. Nf3 Bb4 5. Bd3 c5 6.
O-O cxd4 7. Nxd4 Bxc3 8. bxc3 a6 9. Qg4 g6 10. Bg5 Qc7 11. Ne2 Nc6 12. f4 f6
13. Bh4 O-O-O 14. Bf2 Nge7 15. Rab1 b5 16. a4 f5 17. Qh3 b4 18. cxb4 d5 19. e5
Kd7 20. b5 axb5 21. axb5 Na5 22. Nd4 Nc8 23. Be1 Nc4 24. Rf2 N8b6 25. Qh6 Qc5
26. c3 Qf8 27. Qxf8 Rdxf8 28. Ra1 Ra8 29. Rfa2 Rxa2 30. Rxa2 Ra8 31. Rxa8 Bxa8
32. Kf2 Na4 33. h3 Nc5 34. Ke2 Nxd3 35. Kxd3 Bb7 36. Bf2 Na3 37. Nb3 Bc8 38.
Nc5+ Kc7 39. b6+ Kc6 40. b7 Bxb7 41. Nxe6 Ba6+ 42. Ke3 Bf1 43. Kf3 Nb5 44. Bd4
h6 45. h4 Nc7 46. Nf8 Bd3 47. Nxg6 Be4+ 48. Kf2 Ne6 49. Kg3 Kd7 50. h5 Ke8 51.
Kh3 Ng7 52. g4 fxg4+ 53. Kxg4 Bd3 54. Bc5 Be2+ 55. Kh4 Nf5+ 56. Kh3 Bxh5 57.
Nh4 Nxh4 58. Kxh4 Be2 59. f5 Bd3 60. Kg4 h5+ 61. Kg5 h4 62. e6 Bxf5 63. Kxf5 h3
64. Bg1 1-0

[Event "SR 2. liga A 2006/2007"]
[Site "?"]
[Date "2006.11.26"]
[Round "4.7"]
[White "Hudec, Jan"]
[Black "Dzavik, Jozef"]
[Result "1-0"]
[WhiteElo "2061"]
[BlackElo "2065"]
[PlyCount "91"]
[EventDate "2006.??.??"]

1. d4 Nf6 2. c4 c5 3. d5 d6 4. Nc3 e5 5. e4 Be7 6. Bd3 O-O 7. h3 Ne8 8. Nf3 f5
9. exf5 Bxf5 10. Ne4 h6 11. Be3 Nd7 12. Qd2 Rf7 13. Nh2 Nf8 14. Qc2 Bh7 15. Ng4
h5 16. Nh2 Bxe4 17. Bxe4 Bg5 18. Bxg5 Qxg5 19. Nf3 Qh6 20. h4 Nc7 21. Ng5 Rf6
22. a4 Ng6 23. g3 Na6 24. Bf5 Raf8 25. Be6+ Kh8 26. O-O Nc7 27. Rae1 Ne7 28. f4
exf4 29. Rxf4 Rxf4 30. gxf4 Qg6 31. Qxg6 Nxg6 32. f5 Nxh4 33. Re4 Nxf5 34. Nf7+
Kh7 35. Bxf5+ g6 36. Nxd6 Kh6 37. Be6 b6 38. Nf7+ Kg7 39. Ng5 Ne8 40. Bh3 Kh6
41. Re5 Nd6 42. b3 a6 43. Ne4 Nxe4 44. Rxe4 Rf3 45. Kg2 Rxb3 46. d6 1-0